| 000 | 00523nam a2200193Ia 4500 | ||
|---|---|---|---|
| 003 | IIN | ||
| 005 | 20240122151022.0 | ||
| 008 | 231217s9999 xx 000 0 und d | ||
| 020 |
_cRs.1699.00 _a9789389859751 |
||
| 040 |
_aIIN _bEnglish |
||
| 082 |
_a573 _bFER |
||
| 100 | 1 | _aFerrier, Denise R. | |
| 245 | 1 |
_aLippincott Illustrated Reviews : _bBiochemistry _cDenise R. Ferrier |
|
| 250 | _a7th ed | ||
| 260 |
_bWolters Kluwer _aNew Delhi _c2021 |
||
| 300 | _axiii, 874 p. | ||
| 650 | 1 | _aBiochemistry | |
| 942 | _cBOOK | ||
| 999 |
_c473 _d473 |
||